| 000 | 00647cam a22002291 4500 | ||
|---|---|---|---|
| 001 | gs 11000381 | ||
| 003 | DLC | ||
| 005 | 20260227111311.0 | ||
| 008 | 820707m18971905bl 000 0 ita | ||
| 010 | _ags 11000381 | ||
| 035 | _a(OCoLC)29095781 | ||
| 040 |
_aDLC _cMnU _dDLC |
||
| 042 | _apremarc | ||
| 043 | _as-bl--- | ||
| 050 | 0 | 0 |
_aTN42.S3 _bA3 no. 12-15 |
| 100 | 1 |
_aLöfgren, Alberto, _d1854-1918. |
|
| 245 | 1 | 0 | _aFlora paulista I-IV ... |
| 260 |
_aSão Paulo, _bTypographia e papelaria de Vandorden & cia, _c1897-1905. |
||
| 300 |
_a4 v. _c23 cm. |
||
| 650 | 0 |
_aBotany _zBrazil _zSão Paulo (State) |
|
| 700 | 1 |
_aEdwall, Gustavo, _d1862- |
|
| 999 |
_c25053 _d25053 |
||